书目信息 |
| 题名: |
世界古代及中古史资料选集
|
|
| 作者: | ;北京师范大学历史系世界史教研究室 编 | |
| 分册: | ||
| 出版信息: | 北京 北京师范大学出版社 1999 |
|
| 页数: | 660页 | |
| 开本: | 20cm | |
| 丛书名: | ||
| 单 册: | ||
| 中图分类: | K12 | |
| 科图分类: | ||
| 主题词: | 世界史:古代史--史料--汇编 , 奴隶制城邦 | |
| 电子资源: | ||
| ISBN: | 7-303-00205-7 | |
| 000 | 00733nam0 2200217 45 | |
| 001 | 0204280879 | |
| 005 | 20031219104055.2 | |
| 010 | @a7-303-00205-7@dCNY25.00 | |
| 100 | @a20020428d1999 km y0chiy0120 ea | |
| 101 | 0 | @achi |
| 105 | @a z 000yy | |
| 200 | 1 | @a世界古代及中古史资料选集@AShi Jie Gu Dai Ji Zhong Gu Shi Zi Liao Xuan Ji@f北京师范大学历史系世界史教研究室编@FBei Jing Shi Fan Da Xue Li Shi Xi Shi Jie Shi Jiao Yan Jiu Shi Bian |
| 205 | @a2版 | |
| 210 | @a北京@c北京师范大学出版社@d1999 | |
| 215 | @a660页@d20cm | |
| 606 | 0 | @a世界史:古代史@x史料@x汇编 |
| 606 | 0 | @a奴隶制城邦 |
| 690 | @aK12@v4 | |
| 711 | 02 | @a北京师范大学历史系世界史教研究室@4编 |
| 801 | @aCN@bTSTC@c20020428 | |
| 905 | @b309378-382@dK12@e110=2@f5 | |
| 世界古代及中古史资料选集/北京师范大学历史系世界史教研究室编.-2版.-北京:北京师范大学出版社,1999 |
| 660页;20cm |
| ISBN 7-303-00205-7:CNY25.00 |
| ● |
| 相关链接 |
|
|
|
|
正题名:世界古代及中古史资料选集
索取号:K12/110=2
 
预约/预借
| 序号 | 登录号 | 条形码 | 馆藏地/架位号 | 状态 | 备注 |
| 1 | 0309378 | 203093785 | 第二借阅区/ [索取号:K12/110=2] | 在馆 | |
| 2 | 0309379 | 203093794 | 第二借阅区/ [索取号:K12/110=2] | 在馆 | |
| 3 | 0309380 | 203093801 | 第二借阅区/ [索取号:K12/110=2] | 在馆 | |
| 4 | 0309381 | 203093810 | 第二借阅区/ [索取号:K12/110=2] | 在馆 | |
| 5 | 0309382 | 203093829 | 第二样本阅览室/ [索取号:K12/110=2] | 在馆 |